000
00245nam a2200097Ia 4500
001
704828
005
20250826162418.0
008
250824s9999 xx 000 0 und d
245
0
_a
SEÇİLMİŞ ŞİİRLER
_c
YUNUS EMRE
260
_b
KÜLTÜR YAYINLARI
999
_c
704828
_d
704828